Harry Potter - Cour de soins aux créatures magiques - Niveau facile - Statistiques

Statistiques générales
  • Ce quiz a été pris 80 fois
  • Le résultat moyen est 12 sur 12
Statistiques - réponses
Question Réponse % Correct
Comment s'appelle l’araignée protégée d’Hagrid qui vit au coeur de la Forêt interdite ? Aragog
100%
Le sang de quelle créature est un élixir permettant de survivre en cas d'extrême faiblesse ? La licorne
100%
Lorsqu'elle est vieille, quelle créature peut s'enflammer par auto-combustion et renaître de ses cendres ? Le phénix
100%
Que doit faire un maître pour libérer son elfe de maison ? Lui donner un vêtement.
100%
Quelle créature a été libérée par Quirell et se promenait dans les cachots avant de tomber sur Hermione dans les toilettes des filles ? Un troll
100%
Quelle créature est enfermée dans la chambre des secrets ? Le basilic
99%
Comment s'appelle la chatte de Rusard ? Miss Teigne
99%
Quelle créature possède un corps de cheval dont la tête et le cou sont remplacés par un buste humain ? Un centaure
99%
Quelles créatures sont les responsables de la banque Gringotts ? Des gobelins
97%
Quelle créature prend toujours la forme qui effraie le plus la personne qui se trouve en face de lui ? Un épouvantard
97%
Comment s'appelle une créature mi-aigle mi-cheval ? Un hippogriffe
95%
Comment s'appelle le chien à trois têtes, dont la mission est de garder la Pierre Philosophale ? Touffu
91%
Aucun quiz correspondant
Distribution des résultats
% des personnes avec chaque résultat
Percentile par nombre de réponses
Votre historique - résultats
Vous n’avez pas pris ce quiz